Statistics for Countries US States Capitals Elements Common Words: unique last 2

Click here to take the quiz!

General Stats

  • This quiz has been taken 82 times
  • The average score is 42 of 72

Answer Stats

last 2 lettersANSWER% Correct
AQIraq
93%
JAAbuja
86%
SKMinsk
86%
ZEBelize
83%
IIHawaii
83%
OASamoa
83%
NNTallinn
83%
YOTokyo
83%
EBZagreb
83%
EVKiev
81%
WIMalawi
81%
TUVanuatu
81%
NCZinc
81%
UZVaduz
79%
OIHanoi
76%
AHUtah
76%
SHBangladesh
74%
UIBangui
74%
PTEgypt
74%
JIFiji
74%
TTNouakchott
74%
OFOf
74%
IFIf
71%
IXPhoenix
71%
ILBrazil
69%
DIBurundi
69%
IOOhio
69%
NHPhnom Penh
69%
KUBaku
67%
DHRiyadh
67%
UPUp
67%
RNBern
62%
EWNew
62%
JESkopje
62%
WOTwo
62%
IKReykjavík
60%
MYMy
57%
FANukuʻalofa
57%
HADoha
55%
KYKentucky
55%
IDMadrid
55%
LMStockholm
55%
NKThink
55%
CHWhich
55%
KOBamako
52%
AZLa Paz
52%
RSAlgiers
48%
NSAthens
48%
KIHelsinki
48%
DUKathmandu
48%
UDNgerulmud
48%
GHRaleigh
48%
FESanta Fe
48%
RTFrankfort
45%
LOOslo
45%
HINew Delhi
43%
LSBrussels
38%
ETGet
38%
PIMississippi
38%
LTCobalt
36%
ODGood
36%
SAKinshasa
33%
OTNot
33%
SITbilisi
31%
IMHim
29%
LNLincoln
29%
PATegucigalpa
29%
EOMontevideo
26%
TESri Jayawardenepura Kotte
26%
PESão Tomé and Príncipe
21%
GEBaton Rouge
19%
RIMissouri
19%

Score Distribution

Percentile by Number Answered

Percent of People with Each Score

Your Score History

You have not taken this quiz